000 02104cam a22004814i 4500
003 PE-LiUPU
005 20250731184522.0
008 150617s r 000 0 d
035 _a(Sirsi) a18762
040 _aPE-LiUPU
_bspa
_cPE-LiUPU
_erda
049 _aPRUA
082 0 4 _a985.008
_bB582
_223
245 0 0 _aBiblioteca Peruana :
_bel Perú a través de los siglos /
_c[Editores Técnicos Asociados]
264 1 _aLima :
_bEditores Técnicos Asociados,
_c1968.
300 _a3 tomos ;
_c25 centímetros.
336 _atext
_2rdacontent
337 _aunmediated
_2rdamedia
338 _avolume
_2rdacarrier
490 0 _a(Biblioteca Peruana)
500 _a"El Perú a través de los siglos", subtítulo en cubierta.
505 0 _aTomo 1: La relación Samano-Xerez (1524) -- La crónica rimada -- Carta de Hernando Pizarro a la audencia de Santo Domingo -- La conquista del Perú, llamada la nueva Castilla -- Relación francesa de la conquista del Perú -- Verdadera relación de la conquista de la nueva Castilla -- Relación para su majestad -- Noticia del Perú -- La advertencia -- Relación del descubrimiento y conquista del Perú.
505 0 _aTomo 2: Relación del descubrimiento del reino del Perú -- Historia del descubrimiento y conquista del Perú -- Crónica de la conquista del Perú.
505 0 _aTomo 3: El señorío de los incas -- Suma y narración de los incas -- Conquista y población del Perú -- Historia de los incas y relación de su gobierno -- Relación de Chincha -- Relación -- Relación del sitio del Cuzco.
526 _aP136
526 _aP135
526 _aP134
526 _aP133
526 _aP144
526 _aP143
526 _aP87
526 _aP35
526 _aP20
526 _aP14
526 _aP10
526 _aP06
650 0 4 _aCronistas
_vColecciones.
651 1 8 _aPerú
_xHistoria
_yDescubrimiento y Conquista, 1519-1536.
_92270
651 1 8 _aPerú
_xHistoria
_yÉpoca Colonial.
_93459
910 _ajck
942 _2ddc
_cBK
980 _81
_gALBERTO SANCHEZ Responsable de Automatización
999 _c18489
_d18489